[Event "GER-ch Youth-B"]
[Site "Willingen"]
[Date "2022.06.11"]
[Round "9"]
[White "Wechtenbruch, Jamie"]
[Black "Rotaermel, Leonie"]
[Result "1-0"]
[WhiteElo "1489"]
[BlackElo "1486"]
[PlyCount "119"]
[EventDate "2022.06.04"]
[EventType "swiss"]
[EventRounds "9"]
[EventCountry "GER"]
[SourceTitle "CBM 208 Extra"]
[Source "ChessBase"]
[SourceDate "2022.07.31"]
[SourceVersion "1"]
[SourceVersionDate "2022.07.31"]
[SourceQuality "1"]

1. e4 e6 2. d4 d5 3. exd5 exd5 4. Qe2+ Qe7 5. Nc3 Qxe2+ 6. Ngxe2 c6 7. g3 Bg4 8. Bg2 Nf6 9. a3 Bf5 10. Kd2 Be7 11. Nf4 0-0 12. Bh3 Ne4+ 13. Nxe4 Bxe4 14. Re1 Bg5 15. Kc3 Bf6 16. Nh5 Bd8 17. Bd2 Bb6 18. b4 Na6 19. Be3 Nc7 20. Kb2 Nb5 21. c3 a5 22. Nf4 Nd6 23. Bg2 Nc4+ 24. Kb3 Bxg2 25. Nxg2 Ra7 26. Nf4 Rfa8 27. b5 a4+ 28. Kc2 Nd6 29. bxc6 bxc6 30. Nd3 Nb5 31. Ne5 f6 32. Nxc6 Rc7 33. Reb1 Nxa3+ 34. Rxa3 Rxc6 35. Rb4 Rac8 36. Rbxa4 Kf7 37. Kd3 Bc7 38. Rb4 Bd6 39. Rb7+ Kg6 40. Rab3 Rd8 41. R7b5 Be7 42. Bc1 Re6 43. Be3 Rc6 44. Bf4 Re6 45. Kd2 Bd6 46. Bxd6 Rexd6 47. Ra3 Kf5 48. Ra7 R8d7 49. Rxd7 Rxd7 50. f3 h5 51. c4 Ke6 52. cxd5+ Rxd5 53. Rxd5 Kxd5 54. Kd3 f5 55. h4 g6 56. Kc3 Kd6 57. Kc4 Kc6 58. d5+ Kd6 59. Kd4 Kd7 60. Ke5 1-0